Suniti kumar Chatterji Revisited / (Record no. 141784)

MARC details
000 -LEADER
fixed length control field 00613nam a22001817a 4500
005 - DATE AND TIME OF LATEST TRANSACTION
control field 20230710151029.0
010 ## - LCCN (DPL NO)
LC control number ENG-118767 ENG-137338
020 ## - INTERNATIONAL STANDARD BOOK NUMBER
International Standard Book Number 9789384002565
Terms of availability 300.00
035 ## - SYSTEM CONTROL NUMBER
System control number EN-102299 EN-120870
037 ## - SOURCE OF ACQUISITION
Source of stock number/acquisition DBAD/PUB
082 ## - DEWEY DECIMAL CLASSIFICATION NUMBER
Classification number 409.2
245 ## - TITLE STATEMENT
Title Suniti kumar Chatterji Revisited /
Statement of responsibility, etc foreword by Dilip Kumar Ghose
260 ## - PUBLICATION, DISTRIBUTION, ETC. (IMPRINT)
Place of publication, distribution, etc Kolkata
Name of publisher, distributor, etc Kolkata Society for Asian Studies
Date of publication, distribution, etc 2015
270 ## - ADDRESS
Address Anima Biswas Gangchill 'Matir Bari' Onkar Park, Ghola Bazar
City Kolkata
Postal code 700111
300 ## - PHYSICAL DESCRIPTION
Extent 93p.
Dimensions 18cm(Hb)
700 ## - ADDED ENTRY--PERSONAL NAME
Personal name Ghose, Dilip Kumar
942 ## - ADDED ENTRY ELEMENTS (KOHA)
Source of classification or shelving scheme Dewey Decimal Classification
Item type English Books
Classification part 401.2
Call number suffix GHO
Holdings
Withdrawn status Lost status Not for loan Collection code Home library Current library Date acquired Source of acquisition Cost, normal purchase price Full call number Barcode Copy number Cost, replacement price Koha item type
      Non-fiction Katevara Katevara 22/06/2017 DBAD/PUB 300.00 401.2 GHO EN-102299 1 300.00 English Books
      Non-fiction Narela Narela 10/07/2023 DBAD/PUB 300.00 401.2 GHO EN-120870 1 300.00 English Books

© Delhi Public Library
Hit Counter
free hit counter